The Bible and capital punishment / (Registro nro. 174985)

Detalles MARC
000 -LEADER
campo de control de longitud fija 01052nam a2200241 i 4500
001 - NÚMERO DE CONTROL
campo de control 174985
003 - IDENTIFICADOR DE NÚMERO DE CONTROL
campo de control ES-MaACL
005 - FECHA Y HORA DE LA ÚLTIMA TRANSACCIÓN
campo de control 20250808034529.0
008 - DATOS DE LONGITUD FIJA--INFORMACIÓN GENERAL
campo de control de longitud fija 100906s1870 xxk |||| | eng d
100 1# - ENTRADA PRINCIPAL--NOMBRE DE PERSONA
Nombre de persona Tallack, William.
9 (RLIN) 143320
245 14 - MENCIÓN DEL TÍTULO
Título The Bible and capital punishment /
Mención de responsabilidad, etc. [William Tallack].
260 ## - PUBLICACIÓN, DISTRIBUCIÓN, ETC.
Lugar de publicación, distribución, etc. [London :
Nombre del editor, distribuidor, etc. Howard Association,
Fecha de publicación, distribución, etc. 1870?]
300 ## - DESCRIPCIÓN FÍSICA
Extensión 4 p. ;
Dimensiones 20 cm.
500 ## - NOTA GENERAL
Nota general [Issued by the Howard Association]
594 ## - Nota al título y mención de responsabilidad
Nota al título y mención de responsabilidad Tít. tomado de principio del texto.
650 17 - PUNTO DE ACCESO ADICIONAL DE MATERIA--TÉRMINO DE MATERIA
Término de materia o nombre geográfico como elemento de entrada Pena de muerte
Fuente del encabezamiento o término embne
9 (RLIN) 15915
710 2# - ENTRADA AGREGADA--NOMBRE DE ENTIDAD CORPORATIVA
Nombre de entidad corporativa o nombre de jurisdicción como elemento de entrada Howard Association (London)
9 (RLIN) 134440
852 ## - LOCALIZACIÓN
Ubicación ES-MaACL
Número de control de estantería D-273(8)
Sublocalización o colección R.FOLL.12/8
Ubicación en estantería Sala Valle Inclán
Donativo/Legado Donación: Francisco Lastres y Juiz
Encuadernación Encuadernado con otras obras formando un volumen facticio
itemnumber 181720
Signatura antigua Olim: 193-C-3
Marcas de propiedad Sello en tinta en el verso de la hoja de guarda anterior: "Donativo del Sr. Lastres al Ateneo de Madrid 1907"
903 ## - NOMBRE PERSONAL DE DONANTE
a Lastres y Juiz, Francisco,
d 1848-1918
q 1
e Donante
9 70504
942 ## - ELEMENTOS DE ENTRADA SECUNDARIOS (KOHA)
Fuente del sistema de clasificación o colocación Clasificación decimal universal
Tipo de ítem Koha Folleto
Existencias
Estatus retirado Estado de pérdida Fuente del sistema de clasificación o colocación Estado de daño No para préstamo Colección Biblioteca de origen Biblioteca actual Ubicación en estantería Fecha de adquisición Fuente de adquisición Total de préstamos Signatura topográfica completa Código de barras Visto por última vez Precio de reemplazo Tipo de ítem Koha
    Clasificación decimal universal     Colección de folletos Biblioteca del Ateneo de Madrid Biblioteca del Ateneo de Madrid Sala Valle Inclán 06/09/2010 Donación   D-273(8) 901183736 23/02/2023 23/02/2023 Folleto